Marvel Superheroes - Sudden Death - Statistics

General Stats
  • This quiz has been taken 118,818 times
    110,753 since last reset
  • The average score is 12 of 19
Answers on the Grid
Answers color-coded by a green-red scale on the quiz's grid according to % correct below.
Ant-Man
Beast Boy
Black Panther
Black Widow
Blade
Captain America
Captain Marvel
Cyrax
Daredevil
Dark Knight
Deadpool
Doctor Strange
Donald the Duck
Gambit
Ghost Rider
Hawkman
Hulk
Human Torch
Iron Giant
Iron Man
Magnezone
Mega Man
Mr. Incredible
Quickster
Scarlet Wizard
Spider-Man
Starboy
Storm
Thor
War Machine
Wolverine
Zubat
 
Answer Stats
Answer % Correct
Ant-Man
94%
Captain America
81%
Black Panther
79%
Captain Marvel
78%
Black Widow
77%
Hulk
74%
Doctor Strange
71%
Deadpool
70%
Iron Man
67%
Daredevil
66%
Thor
60%
Spider-Man
59%
Wolverine
51%
Blade
49%
Human Torch
47%
Ghost Rider
41%
War Machine
39%
Gambit
37%
Storm
37%
No matching quizzes found
Score Distribution
Percent of People with Each Score
Percentile by Number Answered
Your Score History
You have not taken this quiz since the last reset